[Event "Toronto Closed"]
[Site "Toronto CAN"]
[Date "2008.02.26"]
[Round "6"]
[White "Yuan, Yuanling"]
[Black "Barron, Irina"]
[Result "1/2-1/2"]
[WhiteElo "2170"]
[BlackElo "2083"]
[PlyCount "98"]
[GameId "2160767910442484"]
[EventDate "2008.01.22"]
[EventType "tourn"]
[EventRounds "9"]
[EventCountry "CAN"]
[SourceTitle "EXT 2011"]
[Source "ChessBase"]
[SourceDate "2011.11.26"]
[SourceVersion "1"]
[SourceVersionDate "2011.11.26"]
[SourceQuality "1"]

1. e4 c5 2. Nf3 Nc6 3. d4 cxd4 4. Nxd4 Nf6 5. Nc3 d6 6. Bg5 e6 7. Qd2 a6 8. O-O-O Bd7 9. f3 b5 10. Kb1 Ne5 11. Bd3 Qc7 12. Rhe1 Be7 13. Be3 O-O 14. g4 Rfd8 15. g5 Ne8 16. f4 Nxd3 17. Qxd3 b4 18. Nce2 g6 19. Ng3 e5 20. Nb3 a5 21. h4 a4 22. Nc1 a3 23. b3 Rac8 24. Qd2 Bg4 25. Nce2 d5 26. exd5 Rxd5 27. Qc1 Rcd8 28. Rxd5 Rxd5 29. Rd1 Rxd1 30. Qxd1 exf4 31. Qd4 fxe3 32. Qxg4 Qe5 33. Qd4 Bd6 34. Qxe5 Bxe5 35. Nf1 Nd6 36. Nxe3 Ne4 37. c4 bxc3 38. Kc2 f5 39. gxf6 Bxf6 40. Ng2 Kf7 41. Kd3 Nf2+ 42. Kc2 Ne4 43. Kd3 Nf2+ 44. Kc2 Ne4 45. Kd3 Nf2+ 46. Ke3 Ng4+ 47. Kd3 Nf2+ 48. Ke3 Ng4+ 49. Kd3 Nf2+ 1/2-1/2

[Event "Toronto Closed"]
[Site "Toronto CAN"]
[Date "2008.03.04"]
[Round "7"]
[White "Barron, Irina"]
[Black "Noritsyn, Nikolay"]
[Result "0-1"]
[WhiteElo "2083"]
[BlackElo "2470"]
[PlyCount "66"]
[GameId "2160767910442485"]
[EventDate "2008.01.22"]
[EventType "tourn"]
[EventRounds "9"]
[EventCountry "CAN"]
[SourceTitle "EXT 2011"]
[Source "ChessBase"]
[SourceDate "2011.11.26"]
[SourceVersion "1"]
[SourceVersionDate "2011.11.26"]
[SourceQuality "1"]

1. d4 Nf6 2. c4 c5 3. d5 d6 4. Nc3 g6 5. e4 Bg7 6. h3 O-O 7. Nf3 Na6 8. Bd3 Nc7 9. O-O e5 10. dxe6 Nxe6 11. Nd5 Nxd5 12. exd5 Nd4 13. Rb1 Re8 14. Be3 Nf5 15. Bd2 Bd7 16. a3 b6 17. Re1 Rxe1+ 18. Qxe1 Nd4 19. Ng5 Qf8 20. b4 h6 21. Ne4 Re8 22. Qd1 Bf5 23. f3 Be5 24. g4 Bd7 25. f4 Bg7 26. Nf2 f5 27. Kg2 Qf6 28. g5 hxg5 29. fxg5 Qe5 30. Bc3 Qf4 31. Bd2 Qh4 32. bxc5 dxc5 33. a4 f4 0-1

[Event "Toronto Closed"]
[Site "Toronto CAN"]
[Date "2008.03.04"]
[Round "7"]
[White "Kimelman, Michael"]
[Black "Yuan, Yuanling"]
[Result "0-1"]
[WhiteElo "2273"]
[BlackElo "2170"]
[PlyCount "101"]
[GameId "2160767910442486"]
[EventDate "2008.01.22"]
[EventType "tourn"]
[EventRounds "9"]
[EventCountry "CAN"]
[SourceTitle "EXT 2011"]
[Source "ChessBase"]
[SourceDate "2011.11.26"]
[SourceVersion "1"]
[SourceVersionDate "2011.11.26"]
[SourceQuality "1"]

1. e4 c5 2. Nf3 d6 3. d4 cxd4 4. Nxd4 Nf6 5. Nc3 g6 6. Be2 Bg7 7. O-O O-O 8. Be3 Nc6 9. f4 Qb6 10. Qd3 Ng4 11. Nxc6 Nxe3 12. Nxe7+ Kh8 13. Na4 Qd4 14. Rf2 Ng4 15. Bxg4 Bxg4 16. Nc3 Qxd3 17. cxd3 Bd4 18. Kf1 Bxf2 19. Kxf2 Bd7 20. h3 Bc6 21. f5 Kg7 22. Ke3 Rae8 23. Rf1 f6 24. Ned5 Rf7 25. g4 g5 26. Rc1 Bd7 27. Nc7 Rc8 28. N3d5 Kg8 29. Rc3 h6 30. Kd4 Kg7 31. Ra3 a6 32. Rc3 Bc6 33. Ne6+ Kh8 34. Nb6 Re8 35. Ke3 Kg8 36. d4 Rb8 37. d5 Be8 38. Kd4 Re7 39. h4 Rf7 40. hxg5 hxg5 41. Nc8 Rd7 42. Nb6 Rh7 43. Nc8 Rd7 44. Ke3 Kf7 45. Nb6 Re7 46. e5 dxe5 47. Ke4 Bd7 48. Rc7 Ke8 49. d6 Rf7 50. Kd5 Bc6+ 51. Kc5 0-1

[Event "Toronto Closed"]
[Site "Toronto CAN"]
[Date "2008.03.04"]
[Round "7"]
[White "Plotkin, Victor"]
[Black "Starr (Shterenberg), Nava"]
[Result "1-0"]
[WhiteElo "2310"]
[BlackElo "2135"]
[PlyCount "81"]
[GameId "2160767910442487"]
[EventDate "2008.01.22"]
[EventType "tourn"]
[EventRounds "9"]
[EventCountry "CAN"]

1. e4 e5 2. Nf3 Nf6 3. Nxe5 d6 4. Nf3 Nxe4 5. Nc3 Nxc3 6. dxc3 Nc6 7. Bf4 Bg4 8. Bb5 Qf6 9. Qd2 Bxf3 10. gxf3 Be7 11. O-O-O h6 12. Rde1 O-O 13. Rhg1 Ne5 14. Bxh6 Nxf3 15. Bxg7 Qxg7 16. Rxg7+ Kxg7 17. Qe2 Bg5+ 18. Kd1 Nxe1 19. f4 Bh6 20. Qg4+ Kh8 21. Kxe1 f5 22. Qh5 Rf6 23. Bd7 Raf8 24. Ke2 Kg7 25. Kf3 R8f7 26. Bb5 c6 27. Bd3 d5 28. Qh4 Rg6 29. h3 Re6 30. Qf2 b6 31. c4 Kf8 32. cxd5 cxd5 33. Qd4 Rg6 34. Qxd5 Kg7 35. Qe5+ Rgf6 36. Bc4 Rf8 37. Qe7+ Kg6 38. Qxa7 Re8 39. Bd3 Rfe6 40. Qd7 Bf8 41. Bxf5+ 1-0

[Event "Toronto Closed"]
[Site "Toronto CAN"]
[Date "2008.03.04"]
[Round "7"]
[White "Sapozhnikov, Roman"]
[Black "Barron, Michael"]
[Result "0-1"]
[WhiteElo "2184"]
[BlackElo "2351"]
[PlyCount "110"]
[GameId "2160767910442489"]
[EventDate "2008.01.22"]
[EventType "tourn"]
[EventRounds "9"]
[EventCountry "CAN"]
[SourceTitle "EXT 2011"]
[Source "ChessBase"]
[SourceDate "2011.11.26"]
[SourceVersion "1"]
[SourceVersionDate "2011.11.26"]
[SourceQuality "1"]

1. e4 e5 2. Nf3 Nc6 3. Bb5 a6 4. Ba4 Nf6 5. O-O Be7 6. Re1 b5 7. Bb3 O-O 8. c3 d6 9. h3 Na5 10. Bc2 c5 11. d4 Qc7 12. Nbd2 g6 13. Nf1 Nh5 14. Bh6 Re8 15. Ne3 Be6 16. d5 Bd7 17. Rc1 Bf8 18. Bxf8 Rxf8 19. b4 Nb7 20. Kh2 a5 21. Bb1 Qb6 22. a3 axb4 23. axb4 Ra4 24. Qd2 f6 25. Ng4 Nf4 26. g3 Nxh3 27. Kxh3 h5 28. Kg2 hxg4 29. Nh2 g5 30. Rh1 Kg7 31. Qe2 cxb4 32. cxb4 Rxb4 33. Nxg4 Nc5 34. Ne3 Qd8 35. Rh2 Rh8 36. Rch1 Rxh2+ 37. Rxh2 Rxb1 38. Qh5 Qg8 39. Qh6+ Kf7 40. Qh5+ Ke7 41. Qf3 Qg6 42. Nf5+ Bxf5 43. exf5 Qg8 44. Qa3 Qxd5+ 45. f3 Qd2+ 46. Kh3 g4+ 47. fxg4 Qc1 48. Qa7+ Nd7 49. Qa2 d5 50. g5 fxg5 51. Qxd5 g4+ 52. Kh4 Qh6+ 53. Kxg4 Nf6+ 54. Kf3 Rf1+ 55. Kg2 Qxh2+ 0-1

[Event "Toronto Closed"]
[Site "Toronto CAN"]
[Date "2008.03.11"]
[Round "8"]
[White "Barron, Irina"]
[Black "Starr (Shterenberg), Nava"]
[Result "1/2-1/2"]
[WhiteElo "2083"]
[BlackElo "2135"]
[PlyCount "98"]
[GameId "2160767910442490"]
[EventDate "2008.01.22"]
[EventType "tourn"]
[EventRounds "9"]
[EventCountry "CAN"]

1. d4 Nf6 2. c4 c5 3. d5 b5 4. cxb5 a6 5. bxa6 Bxa6 6. Nc3 g6 7. e4 Bxf1 8. Kxf1 d6 9. Nge2 Bg7 10. g3 O-O 11. Kg2 Na6 12. Rb1 Qa5 13. h3 Rfb8 14. Re1 h6 15. Be3 Nd7 16. Qd2 Kh7 17. b3 Nc7 18. Qc2 Na6 19. a4 Nb4 20. Qd2 Ne5 21. Na2 Ned3 22. Red1 Qa6 23. Nxb4 Nxb4 24. Rbc1 Qb7 25. Nc3 Rd8 26. Nb5 Qd7 27. Qe2 Rab8 28. Bd2 Na6 29. Bc3 Nc7 30. Nxc7 Qxc7 31. Bxg7 Kxg7 32. Qb2+ f6 33. Rc4 Qa5 34. Qc3 Qxc3 35. Rxc3 Rb4 36. f3 Rdb8 37. Rdd3 Ra8 38. Kf2 Kf7 39. Ke3 Ra7 40. h4 e5 41. dxe6+ Kxe6 42. Kd2 g5 43. h5 g4 44. Ke3 gxf3 45. Kxf3 Rab7 46. g4 Ke5 47. Rd5+ Ke6 48. Rdd3 Ke5 49. Rd5+ Ke6 1/2-1/2

[Event "Toronto Closed"]
[Site "Toronto CAN"]
[Date "2008.03.11"]
[Round "8"]
[White "Kimelman, Michael"]
[Black "Barron, Michael"]
[Result "0-1"]
[WhiteElo "2273"]
[BlackElo "2351"]
[PlyCount "176"]
[GameId "2160767910442491"]
[EventDate "2008.01.22"]
[EventType "tourn"]
[EventRounds "9"]
[EventCountry "CAN"]
[SourceTitle "EXT 2011"]
[Source "ChessBase"]
[SourceDate "2011.11.26"]
[SourceVersion "1"]
[SourceVersionDate "2011.11.26"]
[SourceQuality "1"]

1. e4 e5 2. Nf3 Nc6 3. d4 exd4 4. Nxd4 Bc5 5. Be3 Qf6 6. c3 Nge7 7. g3 d5 8. Bg2 dxe4 9. Nb5 Bxe3 10. Nxc7+ Kf8 11. O-O Rb8 12. fxe3 Qe5 13. Qb3 f5 14. Nb5 Be6 15. Qa4 g6 16. Qxe4 Qxe4 17. Bxe4 Bc4 18. N1a3 Bxf1 19. Rxf1 Kg7 20. Bg2 Rhd8 21. Nd4 Kf6 22. Nac2 Ke5 23. Re1 Kf6 24. Rf1 Nxd4 25. Nxd4 Ke5 26. Re1 Nd5 27. e4 fxe4 28. Bxe4 Kf6 29. Rf1+ Ke7 30. Re1 Kf7 31. Rf1+ Nf6 32. Bc2 Re8 33. Bb3+ Ke7 34. Ne6 Nd7 35. Re1 Kf6 36. g4 Ne5 37. g5+ Kf5 38. Rf1+ Kg4 39. Rf4+ Kh3 40. Bd5 Ng4 41. Rf7 h5 42. Rf3+ Kh4 43. Kg2 Rxe6 44. Bxe6 Kxg5 45. Bxg4 Kxg4 46. Rf7 Rd8 47. h3+ Kh4 48. Rf4+ Kg5 49. Rf2 Rd3 50. c4 h4 51. Rc2 Rg3+ 52. Kh2 Kf4 53. c5 Re3 54. b4 a6 55. Kg2 Rg3+ 56. Kh2 Ra3 57. Kg2 g5 58. Re2 Ra4 59. Rb2 Ke4 60. Kf2 Ra3 61. Kg2 Rg3+ 62. Kh2 Kd4 63. Rd2+ Kc3 64. Rd7 Kxb4 65. Rxb7+ Kxc5 66. Rc7+ Kb4 67. Rb7+ Ka4 68. Rb6 a5 69. Rb2 Ka3 70. Rd2 a4 71. Re2 g4 72. hxg4 Rxg4 73. Kh3 Rb4 74. Rf2 Rb2 75. Rf4 Rxa2 76. Rxh4 Rf2 77. Kg3 Rf8 78. Re4 Kb3 79. Re3+ Kc2 80. Re7 a3 81. Rc7+ Kb2 82. Rb7+ Ka1 83. Ra7 a2 84. Rb7 Rf1 85. Kg2 Rb1 86. Rf7 Kb2 87. Rf2+ Kb3 88. Rf3+ Kc4 0-1

[Event "Toronto Closed"]
[Site "Toronto CAN"]
[Date "2008.03.11"]
[Round "8"]
[White "Plotkin, Victor"]
[Black "Casareno, Erwin"]
[Result "1-0"]
[WhiteElo "2310"]
[BlackElo "2218"]
[PlyCount "97"]
[GameId "2160767910442492"]
[EventDate "2008.01.22"]
[EventType "tourn"]
[EventRounds "9"]
[EventCountry "CAN"]
[SourceTitle "EXT 2011"]
[Source "ChessBase"]
[SourceDate "2011.11.26"]
[SourceVersion "1"]
[SourceVersionDate "2011.11.26"]
[SourceQuality "1"]

1. e4 c6 2. d4 d5 3. exd5 cxd5 4. Nf3 Nf6 5. c4 e6 6. Nc3 Be7 7. Bd3 O-O 8. O-O dxc4 9. Bxc4 b6 10. d5 Qc7 11. Bb3 Rd8 12. Bg5 Na6 13. Qe2 Nc5 14. Bc4 a5 15. Rfd1 Bd7 16. Nd4 e5 17. Ndb5 Bxb5 18. Nxb5 Qb8 19. d6 Bf8 20. Qxe5 Ncd7 21. Qf5 a4 22. Rd3 Ra5 23. Bd2 Ra8 24. Bc3 Qc8 25. Qf4 Re8 26. Rd4 Re5 27. Bd3 Nd5 28. Rxd5 Rxd5 29. Bxh7+ Kxh7 30. Qe4+ Kg8 31. Qxd5 Nf6 32. Qd3 Qd7 33. Rd1 Rd8 34. Bxf6 gxf6 35. Qd5 Re8 36. Nc3 Qxd6 37. Qxd6 Bxd6 38. Kf1 Be5 39. Nxa4 b5 40. Nc3 Ra8 41. Rd2 b4 42. Nd5 b3 43. axb3 Ra2 44. Ke2 Kg7 45. f4 Bb8 46. b4 Ra1 47. Kd3 Rf1 48. g3 Rf3+ 49. Kc4 1-0

[Event "Toronto Closed"]
[Site "Toronto CAN"]
[Date "2008.03.11"]
[Round "8"]
[White "Yuan, Yuanling"]
[Black "Noritsyn, Nikolay"]
[Result "0-1"]
[WhiteElo "2170"]
[BlackElo "2470"]
[PlyCount "77"]
[GameId "2160767910442494"]
[EventDate "2008.01.22"]
[EventType "tourn"]
[EventRounds "9"]
[EventCountry "CAN"]
[SourceTitle "EXT 2011"]
[Source "ChessBase"]
[SourceDate "2011.11.26"]
[SourceVersion "1"]
[SourceVersionDate "2011.11.26"]
[SourceQuality "1"]

1. e4 c5 2. Nf3 Nc6 3. d4 cxd4 4. Nxd4 g6 5. c4 Bg7 6. Be3 Nf6 7. Nc3 Ng4 8. Qxg4 Nxd4 9. Qd1 Ne6 10. Rc1 b6 11. Bd3 Bb7 12. O-O O-O 13. Bb1 Bc6 14. Qd2 a5 15. b3 Nc5 16. Rfd1 e6 17. Bd4 Bxd4 18. Qxd4 f5 19. Qe3 Qf6 20. Rd2 Rf7 21. Re1 Raf8 22. f3 Rg7 23. Bc2 f4 24. Qd4 Qh4 25. Qf2 Qf6 26. Qd4 Qe7 27. Kh1 g5 28. Bd1 h5 29. a3 Nb7 30. Ra2 g4 31. Be2 Nc5 32. b4 e5 33. Qg1 axb4 34. axb4 Ne6 35. b5 gxf3 36. Bxf3 Nd4 37. Qf2 Bb7 38. Ne2 Ne6 39. Rf1 0-1

[Event "Toronto Closed"]
[Site "Toronto CAN"]
[Date "2008.03.18"]
[Round "9"]
[White "Barron, Michael"]
[Black "Yuan, Yuanling"]
[Result "1/2-1/2"]
[WhiteElo "2351"]
[BlackElo "2170"]
[PlyCount "90"]
[GameId "2160767910442495"]
[EventDate "2008.01.22"]
[EventType "tourn"]
[EventRounds "9"]
[EventCountry "CAN"]
[SourceTitle "EXT 2011"]
[Source "ChessBase"]
[SourceDate "2011.11.26"]
[SourceVersion "1"]
[SourceVersionDate "2011.11.26"]
[SourceQuality "1"]

1. e4 c5 2. Nf3 d6 3. d4 cxd4 4. Nxd4 Nf6 5. Nc3 g6 6. Be2 Bg7 7. O-O O-O 8. Kh1 Nc6 9. Nb3 Be6 10. Bg5 Rc8 11. f4 a6 12. Bf3 b5 13. Nd5 Bxd5 14. exd5 Na5 15. c3 Nxb3 16. axb3 Qb6 17. b4 Rfe8 18. Re1 Kf8 19. Re2 Qa7 20. Bh4 Nd7 21. Bf2 Qb7 22. Bd4 Rc4 23. Re4 Nb6 24. Bxg7+ Kxg7 25. Rxc4 Nxc4 26. b3 Nb6 27. c4 Nd7 28. c5 Nf6 29. g4 Rc8 30. g5 Ne8 31. Qd4+ Kg8 32. c6 Qa8 33. Qb6 Nc7 34. Re1 e6 35. Kg1 Qb8 36. Qd4 Nxd5 37. Bxd5 exd5 38. Rc1 Qc7 39. Rc3 Re8 40. Qxd5 Qe7 41. Qd2 d5 42. Rc5 Qe6 43. c7 Qg4+ 44. Kf2 Qh4+ 45. Kg2 Qg4+ 1/2-1/2

[Event "Toronto Closed"]
[Site "Toronto CAN"]
[Date "2008.03.18"]
[Round "9"]
[White "Noritsyn, Nikolay"]
[Black "Casareno, Erwin"]
[Result "1-0"]
[WhiteElo "2470"]
[BlackElo "2218"]
[PlyCount "99"]
[GameId "2160767910442496"]
[EventDate "2008.01.22"]
[EventType "tourn"]
[EventRounds "9"]
[EventCountry "CAN"]
[SourceTitle "EXT 2011"]
[Source "ChessBase"]
[SourceDate "2011.11.26"]
[SourceVersion "1"]
[SourceVersionDate "2011.11.26"]
[SourceQuality "1"]

1. c4 e5 2. Nc3 Nf6 3. g3 d5 4. cxd5 Nxd5 5. Bg2 Nb6 6. Nf3 Nc6 7. O-O Be7 8. d3 O-O 9. Be3 Be6 10. Rc1 f6 11. a3 Qd7 12. Re1 Rfd8 13. Ne4 Nd4 14. Bxd4 exd4 15. Qd2 Rac8 16. Nc5 Bxc5 17. Rxc5 c6 18. Rec1 Na4 19. Ra5 b5 20. Ra6 Rc7 21. Qf4 Qd6 22. Qxd6 Rxd6 23. Nd2 Nb6 24. Ne4 Rd8 25. Ra5 Nd5 26. Nc5 Bg4 27. h3 Bc8 28. Nb3 Ne7 29. Rxb5 Be6 30. Rb4 Bxb3 31. Rxb3 Kf7 32. Rb4 Ke6 33. Rbc4 Rd6 34. b4 a6 35. Rc5 Kd7 36. R1c4 Nc8 37. Rh5 h6 38. Rh4 Re6 39. Rhxd4+ Nd6 40. Rc2 Ke7 41. a4 Nf5 42. Rdc4 Rd6 43. Rxc6 Rcxc6 44. Rxc6 Nd4 45. Rxd6 Kxd6 46. Bb7 a5 47. bxa5 Nxe2+ 48. Kg2 Nc3 49. Bf3 Nxa4 50. a6 1-0

[Event "Toronto Closed"]
[Site "Toronto CAN"]
[Date "2008.03.18"]
[Round "9"]
[White "Plotkin, Victor"]
[Black "Sapozhnikov, Roman"]
[Result "1-0"]
[WhiteElo "2310"]
[BlackElo "2184"]
[PlyCount "61"]
[GameId "2160767910442497"]
[EventDate "2008.01.22"]
[EventType "tourn"]
[EventRounds "9"]
[EventCountry "CAN"]
[SourceTitle "EXT 2011"]
[Source "ChessBase"]
[SourceDate "2011.11.26"]
[SourceVersion "1"]
[SourceVersionDate "2011.11.26"]
[SourceQuality "1"]

1. e4 c5 2. Nc3 Nc6 3. g3 Rb8 4. Bg2 b5 5. Nge2 b4 6. Na4 d6 7. d4 cxd4 8. Nxd4 Nxd4 9. Qxd4 Bd7 10. b3 Qc7 11. Be3 a5 12. O-O e5 13. Qd2 Nf6 14. Rfc1 Qb7 15. Nb6 Bc6 16. Nd5 Be7 17. c3 Nxd5 18. exd5 Bd7 19. c4 O-O 20. c5 Bb5 21. c6 Qc7 22. a3 Ba6 23. axb4 Rxb4 24. Qxb4 axb4 25. Rxa6 Qc8 26. Ra7 Re8 27. Bf1 Qf5 28. c7 Rc8 29. Ba6 h6 30. Bxc8 Qxc8 31. Ra8 1-0

[Event "Toronto Closed"]
[Site "Toronto CAN"]
[Date "2008.04.08"]
[Round "9"]
[White "Starr (Shterenberg), Nava"]
[Black "Kimelman, Michael"]
[Result "0-1"]
[WhiteElo "2135"]
[BlackElo "2273"]
[PlyCount "70"]
[GameId "2160767910442499"]
[EventDate "2008.01.22"]
[EventType "tourn"]
[EventRounds "9"]
[EventCountry "CAN"]

1. e4 c5 2. c3 Nf6 3. e5 Nd5 4. d4 e6 5. Nf3 Nc6 6. Nbd2 cxd4 7. cxd4 Bb4 8. Bc4 Nf4 9. O-O d5 10. exd6 Bxd6 11. Ne4 O-O 12. Nxd6 Qxd6 13. Ne5 Nxg2 14. Kxg2 Nxe5 15. dxe5 Qc6+ 16. Qf3 Qxc4 17. Rd1 f6 18. b3 Qb5 19. Ba3 Bd7 20. Rxd7 Qxd7 21. Rd1 Qb5 22. Bxf8 Rxf8 23. Qe3 fxe5 24. Rd6 Rf6 25. h3 Rg6+ 26. Kh2 h6 27. Qd3 Qc5 28. Qxg6 Qxd6 29. h4 e4+ 30. Kh3 Qe5 31. Kg4 e3 32. f4 Qd5 33. Qc2 Qd2 34. Qc8+ Kh7 35. Qxe6 Qg2+ 0-1

[Event "Toronto Closed reserves"]
[Site "Toronto CAN"]
[Date "2008.01.22"]
[Round "1"]
[White "Armstrong, Robert J"]
[Black "Barmasch, Oswald"]
[Result "1-0"]
[WhiteElo "1796"]
[BlackElo "1617"]
[PlyCount "61"]
[GameId "2160767910442500"]
[EventDate "2008.01.22"]
[EventType "tourn"]
[EventRounds "7"]
[EventCountry "CAN"]
[SourceTitle "EXT 2011"]
[Source "ChessBase"]
[SourceDate "2011.11.26"]
[SourceVersion "1"]
[SourceVersionDate "2011.11.26"]
[SourceQuality "1"]

1. d4 Nf6 2. c4 g6 3. Nc3 Bg7 4. e4 d6 5. f3 O-O 6. Be3 e5 7. d5 Nh5 8. Nge2 f5 9. exf5 gxf5 10. f4 exf4 11. Bxf4 Bxc3+ 12. bxc3 Nxf4 13. Nxf4 Qf6 14. Qf3 Na6 15. O-O-O Nc5 16. Be2 Bd7 17. h4 Rae8 18. Qg3+ Qg7 19. Qxg7+ Kxg7 20. Nh5+ Kh6 21. Bf3 Ne4 22. Rde1 Nxc3 23. Rxe8 Bxe8 24. Nf4 Bd7 25. Kb2 Na4+ 26. Kb3 Nc5+ 27. Kc3 Re8 28. Kd4 b6 29. Nh5 Re7 30. Nf6 Bc8 31. Ng8+ 1-0

[Event "Toronto Closed reserves"]
[Site "Toronto CAN"]
[Date "2008.01.22"]
[Round "1"]
[White "Chudnovsky, Boris"]
[Black "Villalobos, Oscar"]
[Result "1-0"]
[WhiteElo "1996"]
[BlackElo "1934"]
[PlyCount "93"]
[GameId "2160767910442501"]
[EventDate "2008.01.22"]
[EventType "tourn"]
[EventRounds "7"]
[EventCountry "CAN"]
[SourceTitle "EXT 2011"]
[Source "ChessBase"]
[SourceDate "2011.11.26"]
[SourceVersion "1"]
[SourceVersionDate "2011.11.26"]
[SourceQuality "1"]

1. c4 c5 2. Nc3 Nc6 3. Nf3 e5 4. d3 d6 5. g3 Nge7 6. Bg2 Be6 7. e4 g6 8. O-O Bg7 9. Kh1 a6 10. Nd5 O-O 11. Nxe7+ Nxe7 12. Ng5 Bd7 13. f4 f6 14. Nf3 b5 15. Be3 bxc4 16. dxc4 Bc6 17. fxe5 fxe5 18. Ng5 Qd7 19. Kg1 Rxf1+ 20. Qxf1 Rf8 21. Qd3 Nc8 22. Rd1 Bf6 23. Nh3 Qb7 24. b3 Be7 25. Nf2 Nb6 26. Bh3 Nd7 27. Bh6 Rd8 28. Be6+ Kh8 29. Bd5 Nf6 30. Rf1 Nxd5 31. exd5 Bd7 32. g4 g5 33. h3 Rg8 34. Ne4 Qc8 35. Rf7 Rg6 36. Bxg5 Bxg5 37. Nxg5 Kg8 38. Re7 Bxg4 39. Qe3 Bxh3 40. Kh2 Bf5 41. Nxh7 Rg7 42. Nf6+ Kf8 43. Re8+ Qxe8 44. Nxe8 Kxe8 45. b4 Ke7 46. bxc5 dxc5 47. Qxe5+ 1-0

[Event "Toronto Closed reserves"]
[Site "Toronto CAN"]
[Date "2008.01.22"]
[Round "1"]
[White "Kurkowski, Ken"]
[Black "Ferreira, Alex"]
[Result "0-1"]
[WhiteElo "1684"]
[BlackElo "1989"]
[PlyCount "120"]
[GameId "2160767910442502"]
[EventDate "2008.01.22"]
[EventType "tourn"]
[EventRounds "7"]
[EventCountry "CAN"]
[SourceTitle "EXT 2011"]
[Source "ChessBase"]
[SourceDate "2011.11.26"]
[SourceVersion "1"]
[SourceVersionDate "2011.11.26"]
[SourceQuality "1"]

1. e4 c5 2. Nf3 a6 3. d3 d6 4. g3 Nf6 5. Bg2 e5 6. O-O Be7 7. Nbd2 O-O 8. c3 h6 9. a4 Be6 10. Re1 Nc6 11. Nc4 b5 12. Ne3 Qc7 13. d4 exd4 14. cxd4 Nb4 15. Nf5 Bxf5 16. exf5 c4 17. Bf1 Nfd5 18. Bd2 Bf6 19. Bxb4 Nxb4 20. Qd2 Nd5 21. axb5 axb5 22. Bg2 Ra7 23. g4 Rfa8 24. Rxa7 Qxa7 25. g5 hxg5 26. Nxg5 Ne7 27. Bxa8 Qxa8 28. Qe3 Qd5 29. Ra1 g6 30. Ra7 Qxf5 31. Rxe7 Qg4+ 32. Kf1 Bxg5 33. Re8+ Kg7 34. Qe2 Qxd4 35. Rb8 Qd5 36. Qe8 Qd1+ 37. Kg2 Qg4+ 38. Kf1 Qh3+ 39. Kg1 Bf4 40. Qf8+ Kf6 41. Qd8+ Ke5 42. Rxb5+ Kd4 43. Qf6+ Be5 44. Rxe5 Qg4+ 45. Kf1 dxe5 46. Qxf7 Qd1+ 47. Kg2 Qg4+ 48. Kf1 Qh3+ 49. Kg1 Qd3 50. Qd7+ Kc5 51. Qc7+ Kd5 52. Qd7+ Ke4 53. Qc6+ Kf4 54. Qf6+ Qf5 55. Qh4+ Qg4+ 56. Qxg4+ Kxg4 57. Kg2 e4 58. h3+ Kf4 59. h4 Kg4 60. h5 gxh5 0-1

[Event "Toronto Closed reserves"]
[Site "Toronto CAN"]
[Date "2008.01.22"]
[Round "1"]
[White "Stein, Mickey"]
[Black "Kornmann, Maxim"]
[Result "1-0"]
[WhiteElo "2009"]
[BlackElo "1799"]
[PlyCount "83"]
[GameId "2160767910442503"]
[EventDate "2008.01.22"]
[EventType "tourn"]
[EventRounds "7"]
[EventCountry "CAN"]

1. e4 e5 2. Nf3 d6 3. d4 Nf6 4. Nc3 exd4 5. Nxd4 Be7 6. Bf4 O-O 7. Qd2 a6 8. O-O-O Re8 9. f3 Nh5 10. Be3 g6 11. g4 Ng7 12. Nd5 Bh4 13. Kb1 Nd7 14. Bg2 Ne5 15. Bf2 Bxf2 16. Qxf2 c6 17. Nc3 Qb6 18. Qf1 Ne6 19. Nxe6 Bxe6 20. Qg1 Qxg1 21. Rhxg1 Rad8 22. h3 Nc4 23. Rge1 Nb6 24. f4 d5 25. exd5 Nxd5 26. Nxd5 cxd5 27. Rd4 Kg7 28. b3 b6 29. Red1 f5 30. g5 Bf7 31. a4 Re7 32. c4 Re3 33. R1d3 Rxd3 34. Rxd3 d4 35. Kc2 h6 36. h4 hxg5 37. hxg5 b5 38. cxb5 axb5 39. a5 Rc8+ 40. Kd2 Rc3 41. Rxc3 dxc3+ 42. Kxc3 1-0

[Event "Toronto Closed reserves"]
[Site "Toronto CAN"]
[Date "2008.01.29"]
[Round "2"]
[White "Barmasch, Oswald"]
[Black "Kurkowski, Ken"]
[Result "1/2-1/2"]
[WhiteElo "1617"]
[BlackElo "1684"]
[PlyCount "72"]
[GameId "2160767910442504"]
[EventDate "2008.01.22"]
[EventType "tourn"]
[EventRounds "7"]
[EventCountry "CAN"]
[SourceTitle "EXT 2011"]
[Source "ChessBase"]
[SourceDate "2011.11.26"]
[SourceVersion "1"]
[SourceVersionDate "2011.11.26"]
[SourceQuality "1"]

1. e4 e5 2. Nf3 Nc6 3. d4 exd4 4. Nxd4 Nf6 5. Nc3 Bb4 6. Nxc6 bxc6 7. Bd2 O-O 8. Bd3 Re8 9. O-O Bxc3 10. Bxc3 Nxe4 11. Bxe4 Rxe4 12. Re1 Qe8 13. Rxe4 Qxe4 14. Qe1 d5 15. Qxe4 dxe4 16. Ba5 Be6 17. Bxc7 Rc8 18. Ba5 Kf8 19. b3 Ke8 20. Rd1 f5 21. f4 exf3 22. gxf3 Ke7 23. c4 g5 24. Kf2 f4 25. c5 h5 26. Rd6 g4 27. Bd2 Rd8 28. Bxf4 Rxd6 29. Bxd6+ Kd7 30. fxg4 hxg4 31. Kg3 a6 32. Kf4 Ke8 33. Kg5 Kf7 34. Bc7 Bd7 35. Kf4 Be6 36. Kg5 Ke7 1/2-1/2

[Event "Toronto Closed reserves"]
[Site "Toronto CAN"]
[Date "2008.01.29"]
[Round "2"]
[White "Chudnovsky, Boris"]
[Black "Stein, Mickey"]
[Result "1-0"]
[WhiteElo "1996"]
[BlackElo "2009"]
[PlyCount "115"]
[GameId "2160767910442505"]
[EventDate "2008.01.22"]
[EventType "tourn"]
[EventRounds "7"]
[EventCountry "CAN"]
[SourceTitle "EXT 2011"]
[Source "ChessBase"]
[SourceDate "2011.11.26"]
[SourceVersion "1"]
[SourceVersionDate "2011.11.26"]
[SourceQuality "1"]

1. d4 Nf6 2. Nf3 e6 3. c4 Bb4+ 4. Bd2 Qe7 5. e3 O-O 6. Bd3 Nc6 7. a3 Bxd2+ 8. Qxd2 e5 9. dxe5 Nxe5 10. Nxe5 Qxe5 11. Nc3 d6 12. O-O-O Bd7 13. h3 a6 14. f4 Qa5 15. Kb1 Qc5 16. Nd5 Nxd5 17. cxd5 Rfe8 18. e4 b5 19. Rhe1 Rab8 20. Rc1 Qb6 21. e5 a5 22. Qc2 b4 23. a4 b3 24. Qxc7 Qd4 25. Qc4 Rb4 26. Qxd4 Rxd4 27. Bb5 Bxb5 28. axb5 Rxd5 29. exd6 Rxe1 30. Rxe1 Kf8 31. Kc1 Rxd6 32. Re3 a4 33. Re4 Rb6 34. Rxa4 Rxb5 35. Rc4 Ke7 36. Kd2 g5 37. Kc3 gxf4 38. Rxf4 Rg5 39. g4 h5 40. Kxb3 hxg4 41. hxg4 Ke6 42. Kc4 Ke5 43. Rd4 Rg8 44. b4 Rc8+ 45. Kd3 Rb8 46. Kc3 Rc8+ 47. Rc4 Rb8 48. Rc7 f6 49. Rc5+ Kd6 50. Rf5 Ke6 51. b5 Rg8 52. Rf4 Rg5 53. Kb4 Kd7 54. Ka5 Kc7 55. Ka6 Rg6 56. b6+ Kc8 57. Ka7 Rg7+ 58. Ka8 1-0